000
00282nam a22001337a 4500
003
SGT
082
_a
004.22.MAN
100
_a
MANO, MORRIS
245
_a
COMPTER SYSTEM ARCHITECTURE
250
_a
3RD
260
_b
PRENTICE HALL OF INDIA
_c
2001
300
_a
524
942
_2
ddc
_c
RARE
999
_c
34795
_d
34795